|
|
|
|
| LEADER |
03943nam a2200601 4500 |
| 001 |
978-3-030-31831-4 |
| 003 |
DE-He213 |
| 005 |
20191025142424.0 |
| 007 |
cr nn 008mamaa |
| 008 |
190925s2019 gw | s |||| 0|eng d |
| 020 |
|
|
|a 9783030318314
|9 978-3-030-31831-4
|
| 024 |
7 |
|
|a 10.1007/978-3-030-31831-4
|2 doi
|
| 040 |
|
|
|d GrThAP
|
| 050 |
|
4 |
|a TK5105.5-5105.9
|
| 072 |
|
7 |
|a UKN
|2 bicssc
|
| 072 |
|
7 |
|a COM075000
|2 bisacsh
|
| 072 |
|
7 |
|a UKN
|2 thema
|
| 082 |
0 |
4 |
|a 004.6
|2 23
|
| 245 |
1 |
0 |
|a Ad-Hoc, Mobile, and Wireless Networks
|h [electronic resource] :
|b 18th International Conference on Ad-Hoc Networks and Wireless, ADHOC-NOW 2019, Luxembourg, Luxembourg, October 1-3, 2019, Proceedings /
|c edited by Maria Rita Palattella, Stefano Scanzio, Sinem Coleri Ergen.
|
| 250 |
|
|
|a 1st ed. 2019.
|
| 264 |
|
1 |
|a Cham :
|b Springer International Publishing :
|b Imprint: Springer,
|c 2019.
|
| 300 |
|
|
|a XV, 645 p. 262 illus., 188 illus. in color.
|b online resource.
|
| 336 |
|
|
|a text
|b txt
|2 rdacontent
|
| 337 |
|
|
|a computer
|b c
|2 rdamedia
|
| 338 |
|
|
|a online resource
|b cr
|2 rdacarrier
|
| 347 |
|
|
|a text file
|b PDF
|2 rda
|
| 490 |
1 |
|
|a Computer Communication Networks and Telecommunications ;
|v 11803
|
| 520 |
|
|
|a This book constitutes the refereed proceedings of the 18th International Conference on Ad-Hoc, Mobile, and Wireless Networks, ADHOC-NOW 2019, held in Luxembourg, in October 2019. The 37 full and 10 short papers presented were carefully reviewed and selected from 64 submissions. The papers provide an in-depth and stimulating view on the new frontiers in the field of mobile, ad hoc and wireless computing. They are organized in the following topical sections: IoT for emergency and disaster management; scheduling and synchronization in WSN; routing strategies for WSN; LPWANs and their integration with satellite; performance improvement of wireless and sensor networks; optimization schemes for increasing sensors lifetime; vehicular and UAV networks; body area networks, IoT security and standardization.
|
| 650 |
|
0 |
|a Computer communication systems.
|
| 650 |
|
0 |
|a Special purpose computers.
|
| 650 |
|
0 |
|a Computer system failures.
|
| 650 |
|
0 |
|a Application software.
|
| 650 |
|
0 |
|a Coding theory.
|
| 650 |
|
0 |
|a Information theory.
|
| 650 |
|
0 |
|a Data encryption (Computer science).
|
| 650 |
1 |
4 |
|a Computer Communication Networks.
|0 http://scigraph.springernature.com/things/product-market-codes/I13022
|
| 650 |
2 |
4 |
|a Special Purpose and Application-Based Systems.
|0 http://scigraph.springernature.com/things/product-market-codes/I13030
|
| 650 |
2 |
4 |
|a System Performance and Evaluation.
|0 http://scigraph.springernature.com/things/product-market-codes/I13049
|
| 650 |
2 |
4 |
|a Information Systems Applications (incl. Internet).
|0 http://scigraph.springernature.com/things/product-market-codes/I18040
|
| 650 |
2 |
4 |
|a Coding and Information Theory.
|0 http://scigraph.springernature.com/things/product-market-codes/I15041
|
| 650 |
2 |
4 |
|a Cryptology.
|0 http://scigraph.springernature.com/things/product-market-codes/I28020
|
| 700 |
1 |
|
|a Palattella, Maria Rita.
|e editor.
|0 (orcid)0000-0002-4945-1406
|1 https://orcid.org/0000-0002-4945-1406
|4 edt
|4 http://id.loc.gov/vocabulary/relators/edt
|
| 700 |
1 |
|
|a Scanzio, Stefano.
|e editor.
|0 (orcid)0000-0001-7643-2342
|1 https://orcid.org/0000-0001-7643-2342
|4 edt
|4 http://id.loc.gov/vocabulary/relators/edt
|
| 700 |
1 |
|
|a Coleri Ergen, Sinem.
|e editor.
|0 (orcid)0000-0002-7502-3122
|1 https://orcid.org/0000-0002-7502-3122
|4 edt
|4 http://id.loc.gov/vocabulary/relators/edt
|
| 710 |
2 |
|
|a SpringerLink (Online service)
|
| 773 |
0 |
|
|t Springer eBooks
|
| 776 |
0 |
8 |
|i Printed edition:
|z 9783030318307
|
| 776 |
0 |
8 |
|i Printed edition:
|z 9783030318321
|
| 830 |
|
0 |
|a Computer Communication Networks and Telecommunications ;
|v 11803
|
| 856 |
4 |
0 |
|u https://doi.org/10.1007/978-3-030-31831-4
|z Full Text via HEAL-Link
|
| 912 |
|
|
|a ZDB-2-SCS
|
| 912 |
|
|
|a ZDB-2-LNC
|
| 950 |
|
|
|a Computer Science (Springer-11645)
|